000 00582nam a22002177a 4500
003 UA-OsUOA
001 82979
007 ta
008 20120327b un ||||| |||| 00| 0 ukr d
100 _aБондар М.
090 _a82
_bБ81
942 _cSA
040 _aUA-OsUOA
_bukr
_cUA-OsUOA
_dUA-OsUOA
245 _aДва невідомі досі поетичні твори Євгена Гребінки
300 _aС.36-47
955 _a0
041 _aukr
080 _a82
773 0 _w82974
650 7 _a82 Література. Літературознавство
_2UDC
999 _c369314
_d369314